000 00918nam a2200241 a 4500
005 20160307152454.0
008 140303b1991 ck d fr|||| 00| 0 spa d
040 _aCO-BoIAVH
_cCO-BoIAVH
041 0 _aspa
044 _ack
082 0 4 _a634.95
_bT84r
100 1 _aTriviño Díaz, Trino
245 1 0 _aRespuesta del peinemono (Apeiba aspera Aubl.) a diferentes tipos de espaciamiento y época de poda en Tumaco y bajo Calima, Colombia /
_cTrino Triviño Díaz y Hugo Martínez Higuera
260 _aBogotá :
_bINDERENA :
_bCONIF,
_c1991.
300 _a26 páginas :
_btablas y gráifcas ;
_c27 x 21 centímetros
490 _aPlan de acción forestal para Colombia PAFC ;
_v43
650 6 _aRecursos forestales
650 6 _aSilvicultura
650 6 _aAprovechamiento forestal
662 _aColombia
_bNariño
_cBajo Calima
_dTumaco
662 _aColombia
_bValle
942 _cFolleto
_2z
999 _c1988
_d1988